Iqbal aru jatiya sanghati (Record no. 3301)

MARC details
000 -LEADER
fixed length control field 00567cam a2200205ua 4500
008 - FIXED-LENGTH DATA ELEMENTS--GENERAL INFORMATION
fixed length control field 111118n ii |||gr||||Z||||||asm
040 ## - CATALOGING SOURCE
Transcribing agency MAIN
082 ## - DEWEY DECIMAL CLASSIFICATION NUMBER
Classification number 320.54
100 ## - MAIN ENTRY--PERSONAL NAME
Personal name Burney, Sayed Muzaffar Hussain,
245 11 - TITLE STATEMENT
Title Iqbal aru jatiya sanghati
Statement of responsibility, etc. by Sayed Muzaffar Hussain Burney
250 ## - EDITION STATEMENT
Edition statement 1st.
260 ## - PUBLICATION, DISTRIBUTION, ETC.
Place of publication, distribution, etc. Guwahati:
Name of publisher, distributor, etc. Publication board assam,989.
300 ## - PHYSICAL DESCRIPTION
Extent 45p:
Dimensions 23cm.
700 ## - ADDED ENTRY--PERSONAL NAME
Personal name Malik, Sayed Abdul,
Relator term
942 ## - ADDED ENTRY ELEMENTS (KOHA)
Koha item type Books
653 ## - INDEX TERM--UNCONTROLLED
Uncontrolled term Political csience
653 ## - INDEX TERM--UNCONTROLLED
Uncontrolled term Iqbal aru jatiya sanghati
653 ## - INDEX TERM--UNCONTROLLED
Uncontrolled term Nationalism
Holdings
Withdrawn status Lost status Damaged status Not for loan Home library Current library Shelving location Date acquired Total Checkouts Full call number Barcode Date last seen Copy number Price effective from Koha item type
        Central Library, Naharkatiya College Central Library, Naharkatiya College General Stacks 19/09/2020   320.54 | BUR 18903 19/09/2020 1 19/09/2020 Books
        Central Library, Naharkatiya College Central Library, Naharkatiya College General Stacks 19/09/2020   320.54 | BUR 9976 19/09/2020 2 19/09/2020 Books

Naharkatiya College © 2020. All rights reserved.

Powered By